00863cam a22003017a 4500003000500000005001700005008004100022010001000063011001000073020001500083035001000098040000900108082002100117110000800138245013900146260002400285300002000309410000800329490003500337650002100372650002400393650003200417700002500449700002200474700002200496810000800518830003500526CHAP20220817043504.0981029d1996 it r 11 fre d a76517 a77489 a9252033149 a87096 cCHAP04a333.72bF3f v.292 aFAO10aContrôle et utilisation du feu en zones arides et subhumides africainesc/par André Schmitz, Abdoul Oumara Fall et Salah Rouchiche aRome :bFAO,c1996. a211 p. :bilus.21aFAO 0aGuía de conservaciónv; 2914aBosquesxAfrica.14aBosquesxIncendios.14aRegiones áridasxBosques.0 aOumara Fall, Abdoul.0 aRouchiche, Salah.0 aSchmitz, André.0 aFAO00aGuía de conservaciónv; 29